| 000 | 00637cam a2200241 4500 | ||
|---|---|---|---|
| 001 | 31895 | ||
| 003 | BD-RjUL | ||
| 005 | 20211209051749.0 | ||
| 008 | 140422s1953 enk b 001 0 eng | ||
| 035 | _a(BD-RjUL)31983 | ||
| 040 |
_aDLC _cDLC _dBD-RjUL _beng |
||
| 041 | _aeng | ||
| 082 | 0 | 0 |
_a192 _bPAE 1953 |
| 100 | 1 |
_aPaul, Leslie, _d1905-1985. _997091 |
|
| 245 | 1 | 4 | _aThe English philosophers / |
| 260 |
_aLondon : _bFaber and Faber ; _c1953 |
||
| 300 |
_a380 p. : _c23 cm. |
||
| 504 | _aBibliography: p. 353-366. | ||
| 650 | 0 |
_aPhilosophy, English. _997092 |
|
| 942 |
_2ddc _cBK |
||
| 999 |
_c31895 _d31895 |
||